| 000 | 00509nam a2200181Ia 4500 | ||
|---|---|---|---|
| 999 |
_c20742 _d20742 |
||
| 003 | OSt | ||
| 005 | 20200709110258.0 | ||
| 008 | 190216s9999||||xx |||||||||||||| ||und|| | ||
| 020 | _a195613236 | ||
| 040 | _coclc | ||
| 082 |
_a909 _bNEH/G |
||
| 100 |
_aNehru, Jawaharlal _93188 |
||
| 245 | 0 |
_aGlimpses Of World History / _cJawaharlal Nehru |
|
| 260 |
_bOxford University Press, _c1980. _aNew Delhi: |
||
| 300 | _a990p | ||
| 650 | _aHistory | ||
| 942 |
_cBK _2ddc _h909 _iNEH/G _k909 _mNEH/G |
||